MARC details
| 000 -LEADER |
| fixed length control field |
01522nam a22003495i 4500 |
| 003 - CONTROL NUMBER IDENTIFIER |
| control field |
EG-ScBUE |
| 005 - DATE AND TIME OF LATEST TRANSACTION |
| control field |
20230110145651.0 |
| 008 - FIXED-LENGTH DATA ELEMENTS--GENERAL INFORMATION |
| fixed length control field |
180321t1999 it a f b 000 0 eng d |
| 020 ## - INTERNATIONAL STANDARD BOOK NUMBER |
| International Standard Book Number |
9701830385 |
| 020 ## - INTERNATIONAL STANDARD BOOK NUMBER |
| International Standard Book Number |
9789701830383 |
| 040 ## - CATALOGING SOURCE |
| Original cataloging agency |
EG-ScBUE |
| Language of cataloging |
eng |
| Description conventions |
rda |
| Transcribing agency |
EG-ScBUE |
| Modifying agency |
EG-ScBUE |
| 041 1# - LANGUAGE CODE |
| Language code of text/sound track or separate title |
eng |
| Language code of original and/or intermediate translations of text |
spa |
| 043 ## - GEOGRAPHIC AREA CODE |
| Geographic area code |
n-mx--- |
| 082 04 - DEWEY DECIMAL CLASSIFICATION NUMBER |
| Classification number |
759.97208997 |
| Item number |
PRE |
| Edition number |
22 |
| 245 04 - TITLE STATEMENT |
| Title |
The pre-Columbian painting : |
| Remainder of title |
murals of the Mesoamerica / |
| Statement of responsibility, etc |
coordination Beatriz de la Fuente ; scientific co-edition, Instituto de Investigaciones Estéticas, UNAM. |
| 250 ## - EDITION STATEMENT |
| Edition statement |
Special English edition. |
| 264 #1 - PUBLICATION, DISTRIBUTION, ETC. (IMPRINT) |
| Place of publication, distribution, etc |
Milano : |
| Name of publisher, distributor, etc |
Jaca Book ; |
| Place of publication, distribution, etc |
Woodbridge, Suffolk, England ; |
| -- |
Wappingers' Falls, NY : |
| Name of publisher, distributor, etc |
Antique Collectors' Club, |
| Date of publication, distribution, etc |
[1999] |
| 264 #4 - PUBLICATION, DISTRIBUTION, ETC. (IMPRINT) |
| Date of publication, distribution, etc |
c1999 |
| 300 ## - PHYSICAL DESCRIPTION |
| Extent |
272 pages : |
| Other physical details |
illustrations (some color) ; |
| Dimensions |
31 cm |
| 336 ## - CONTENT TYPE |
| Source |
rdacontent |
| Content type term |
text |
| Content type code |
txt |
| 337 ## - MEDIA TYPE |
| Source |
rdamedia |
| Media type term |
unmediated |
| Media type code |
n |
| 338 ## - CARRIER TYPE |
| Source |
rdacarrier |
| Carrier type term |
volume |
| Carrier type code |
nc |
| 504 ## - BIBLIOGRAPHY, ETC. NOTE |
| Bibliography, etc |
Includes bibliographical references. |
| 505 ## - FORMATTED CONTENTS NOTE |
| Formatted contents note |
Introduction -- The background: Olmec painting -- Pre-historic mural painting: materials and techniques -- The high central plain: Teotihuacán, Cholula and Cacaxtla -- The high central plain: late post-classic. |
| 546 ## - LANGUAGE NOTE |
| Language note |
Text in English ; translated from the original Spain.<br/> |
| 650 #7 - SUBJECT ADDED ENTRY--TOPICAL TERM |
| Topical term or geographic name as entry element |
Indian mural painting and decoration |
| Geographic subdivision |
Mexico. |
| Source of heading or term |
BUEsh |
| 650 #7 - SUBJECT ADDED ENTRY--TOPICAL TERM |
| Topical term or geographic name as entry element |
Indian mural painting and decoration |
| Geographic subdivision |
Guatemala. |
| Source of heading or term |
BUEsh |
| 651 ## - SUBJECT ADDED ENTRY--GEOGRAPHIC NAME |
| Source of heading or term |
BUEsh |
| 653 ## - INDEX TERM--UNCONTROLLED |
| Resource For college |
Communication and mass media |
| -- |
Generalities |
| Arrived date list |
March2018 |
| 655 ## - INDEX TERM--GENRE/FORM |
| Form subdivision |
Reading book |
| 942 ## - ADDED ENTRY ELEMENTS (KOHA) |
| Source of classification or shelving scheme |
Dewey Decimal Classification |
| Koha item type |
Book - Borrowing |